00616nam a2200241Ia 4500008004000000020001800040041000800058082001700066100001600083245007900099260005100178300001200229650000900241650001400250650001100264650001500275650001300290650001100303650000900314650001400323650001500337700002200352210210b2016 xxu||||| |||| 00| 0 eng d a9789352033652 aeng a658.002 SINC aSINHA (S K) aComplete reference manual CMAT 2015-2016: common management admission test aNew DelhibArihant Publications Pvt Ltd.c2016 axiv,770 atest areference amanual amanagement aComplete acommon aCMAT aadmission a2015-2016: aSATYANARAYANA (S)